| 000 | 00561nam a2200181Ia 4500 | ||
|---|---|---|---|
| 008 | 180921t1999 xxu||||| |||| 00| 0 eng d | ||
| 041 | _aeng | ||
| 080 |
_a581 _bJAY |
||
| 100 | _aJayasinnha, Purnima | ||
| 245 | _aCitronella : A literature survey | ||
| 260 |
_bInformation sevices centre/Industrial technology institute _bColombo _c1999 |
||
| 300 | _a45p., 28 cm | ||
| 440 | _aMedicinal and aromatic plant No.8 | ||
| 650 |
_aAromatic plants _aBotany _aBotany _amedicinal plants |
||
| 942 | _cBK | ||
| 999 |
_c15809 _d15809 |
||
| 003 | LK-CoDNM | ||
| 040 |
_aLK-CoDNM _dLK-CoDNM _eLK-CoDNM |
||